Reflective Practice to Improve Schools (Record no. 24115)

MARC details
000 -LEADER
fixed length control field 00594nam a22002057a 4500
003 - CONTROL NUMBER IDENTIFIER
control field OSt
005 - DATE AND TIME OF LATEST TRANSACTION
control field 20260612114031.0
008 - FIXED-LENGTH DATA ELEMENTS--GENERAL INFORMATION
fixed length control field 260612b |||||||| |||| 00| 0 eng d
020 ## - INTERNATIONAL STANDARD BOOK NUMBER
International Standard Book Number 0-7619-7763-5
040 ## - CATALOGING SOURCE
Transcribing agency Chuka University Library
050 ## - LIBRARY OF CONGRESS CALL NUMBER
Classification number LB 1060 .R4 2001
100 ## - MAIN ENTRY--PERSONAL NAME
Personal name York-Barr Jennifer
9 (RLIN) 28852
245 ## - TITLE STATEMENT
Title Reflective Practice to Improve Schools
260 ## - PUBLICATION, DISTRIBUTION, ETC.
Place of publication, distribution, etc. USA
Name of publisher, distributor, etc. Corwin Press
Date of publication, distribution, etc. 2001
300 ## - PHYSICAL DESCRIPTION
Extent xxi, 170P
Other physical details Illustrations, Preface and Index
700 ## - ADDED ENTRY--PERSONAL NAME
Personal name Sommers A. William
9 (RLIN) 28853
700 ## - ADDED ENTRY--PERSONAL NAME
Personal name Ghere S. Gail
9 (RLIN) 28854
700 ## - ADDED ENTRY--PERSONAL NAME
Personal name Montie Jo
9 (RLIN) 28855
942 ## - ADDED ENTRY ELEMENTS (KOHA)
Source of classification or shelving scheme Library of Congress Classification
Koha item type Long Loan Books
Suppress in OPAC No
Holdings
Withdrawn status Lost status Source of classification or shelving scheme Damaged status Not for loan Collection Home library Current library Shelving location Date acquired Cost, normal purchase price Total Checkouts Full call number Barcode Date last seen Price effective from Koha item type
    Library of Congress Classification     General Collection Books Main Campus Library Main Campus Library General Stacks 10/07/2025 15509.40   LB 1060 .R4 2001 34180/2026 12/06/2026 12/06/2026 Long Loan Books

Powered by Koha